Ohio-class Submarines - Statistics

General Stats
  • This quiz has been taken 24 times
  • The average score is 13 of 18
Answer Stats
Answer % Correct
USS Ohio
100%
USS Alabama
87%
USS Florida
87%
USS Maine
87%
USS Maryland
87%
USS Alaska
80%
USS Georgia
80%
USS Louisiana
80%
USS Michigan
80%
USS Pennsylvania
80%
USS Tennessee
73%
USS West Virginia
73%
USS Kentucky
67%
USS Rhode Island
60%
USS Wyoming
60%
USS Nebraska
53%
USS Nevada
53%
USS Henry M. Jackson
47%
No matching quizzes found
Score Distribution
Percent of People with Each Score
Percentile by Number Answered
Your Score History
You have not taken this quiz